|
|
|
|
| LEADER |
00000cam a2200000 a 4500 |
| 001 |
vtls001470452 |
| 003 |
SK-MaSNL |
| 005 |
20260302002804.0 |
| 008 |
240226s2003 gw a f 100 0 ger |
| 015 |
|
|
|a SNBZSA2003
|
| 020 |
|
|
|a 3537864280
|
| 035 |
|
|
|a SNK000425757
|
| 035 |
|
|
|a urn:nbn:sk:snk-amkxzc
|
| 035 |
|
|
|a urn:nbn:sk:snk-am008dv3
|
| 035 |
|
|
|a A6818D07-CE8C-4354-8646-23B0E3AA6D65
|
| 040 |
|
|
|a SNK
|b slo
|c SNK
|e AACR2
|
| 041 |
0 |
|
|a ger
|
| 044 |
|
|
|a DE
|
| 072 |
|
7 |
|a 81
|x Lingvistika. Jazyky
|2 konspekt
|
| 080 |
|
|
|a 323.15
|2 1981
|
| 080 |
|
|
|a 323.113
|2 1981
|
| 080 |
|
|
|a 81`272
|2 1981
|
| 080 |
|
|
|a 81`282.8
|2 1981
|
| 080 |
|
|
|a (436)
|2 1981
|
| 080 |
|
|
|a (066)
|2 1981
|
| 245 |
0 |
4 |
|a Der Beitrag Österreichs zu einer europäischen Kultur der Differenz: Sprachliche Minderheiten und Migration unter die Lupe genommen
|c Rosita Rindler Schjerve
|
| 250 |
|
|
|a [1. Aufl.]
|
| 260 |
|
|
|a St. Augustin
|b Asgard
|c 2003
|
| 300 |
|
|
|a 278 s.
|b grafy, tab.
|c 24 cm
|
| 490 |
1 |
|
|a Plurilingua
|v 26
|
| 490 |
1 |
|
|a Schriftenreihe zur Kontaktlingusitik des Brüsseler Forschungszentrums für Mehrsprachigkeit
|
| 650 |
0 |
7 |
|a jazyková politika
|2 SNKPH
|9 4506
|
| 650 |
0 |
7 |
|a jazykový kontakt
|2 SNKPH
|9 67904
|
| 650 |
0 |
7 |
|a národnostné menšiny
|2 SNKPH
|9 2669
|
| 650 |
0 |
7 |
|a cudzinci
|2 SNKPH
|9 996
|
| 651 |
|
7 |
|a Rakúsko
|2 SNKPH
|9 18533
|
| 655 |
|
7 |
|a zborníky konferencií
|2 SNKPH
|9 70153
|
| 700 |
1 |
|
|a Rindler Schjerve, Rosita
|4 edt
|9 640625
|
| 700 |
1 |
|
|a Nelde, Peter Hans,
|d 1942-2007
|4 edt
|9 69065
|
| 830 |
|
0 |
|a Plurilingua
|9 640626
|
| 830 |
|
0 |
|a Schriftenreihe zur Kontaktlingusitik des Brüsseler Forschungszentrums für Mehrsprachigkeit
|9 640627
|
| 919 |
|
|
|a 3-537-86428-0
|
| 958 |
|
|
|a OND
|
| 999 |
|
|
|c 989367
|d 991297
|
| 952 |
|
|
|t P60, <04>, [BOOK], {604}
|a SNK
|b SNK
|y PREZ
|7 0
|p 17A0426207
|o snkSC 116483
|i snkV 726/2004
|g 53.81
|0 0
|1 0
|4 0
|d 2004-03-09
|f 1
|l 0
|r 2025-10-16 00:00:00
|w 2026-02-24
|